Viral immunology / (Record no. 919086)

MARC details
000 -LEADER
fixed length control field 01182nam a2200349 a 4500
001 - CONTROL NUMBER
control field vtls001469921
003 - CONTROL NUMBER IDENTIFIER
control field NLI
005 - DATE AND TIME OF LATEST TRANSACTION
control field 20210627130252.0
008 - FIXED-LENGTH DATA ELEMENTS--GENERAL INFORMATION
fixed length control field 121201s1981 dcua f000 0 eng
039 #9 - LEVEL OF BIBLIOGRAPHIC CONTROL AND CODING DETAIL [OBSOLETE]
-- 201212011855
-- VLOAD
040 ## - CATALOGING SOURCE
Original cataloging agency NLI
Language of cataloging eng
Transcribing agency Datasoft_FOD
Description conventions AACR2
041 0# - LANGUAGE CODE
Language code of text/sound track or separate title eng
044 ## - COUNTRY OF PUBLISHING/PRODUCING ENTITY CODE
MARC country code dcu
082 04 - DEWEY DECIMAL CLASSIFICATION NUMBER
Classification number 616.925
110 1# - MAIN ENTRY--CORPORATE NAME
Corporate name or jurisdiction name as entry element United States.
Subordinate unit Department of Health and Human Services
9 (RLIN) 707894
245 10 - TITLE STATEMENT
Title Viral immunology /
Statement of responsibility, etc. edited by Abner Louis Notkins
260 ## - PUBLICATION, DISTRIBUTION, ETC.
Place of publication, distribution, etc. Washington, D. C. :
Name of publisher, distributor, etc. The Departement,
Date of publication, distribution, etc. 1981
300 ## - PHYSICAL DESCRIPTION
Extent 23 p. :
Other physical details ill. ;
Dimensions 26 cm.
440 #0 - SERIES STATEMENT/ADDED ENTRY--TITLE
Title ICRDB cancer gram series ;
Volume/sequential designation CB 13, no. 81/04
9 (RLIN) 728638
650 #0 - SUBJECT ADDED ENTRY--TOPICAL TERM
Topical term or geographic name entry element Virus diseases
General subdivision Immunological aspects
9 (RLIN) 1023129
650 #0 - SUBJECT ADDED ENTRY--TOPICAL TERM
Topical term or geographic name entry element Immunopathology
9 (RLIN) 778857
650 #0 - SUBJECT ADDED ENTRY--TOPICAL TERM
Topical term or geographic name entry element Viral Vaccines
9 (RLIN) 927830
650 #0 - SUBJECT ADDED ENTRY--TOPICAL TERM
Topical term or geographic name entry element Virus diseases
General subdivision Immunology
9 (RLIN) 1023130
650 #0 - SUBJECT ADDED ENTRY--TOPICAL TERM
Topical term or geographic name entry element Virus diseases
General subdivision Drug therapy
9 (RLIN) 1023131
700 1# - ADDED ENTRY--PERSONAL NAME
Personal name Notkins, Abner Louis,
Relationship edt
9 (RLIN) 1024809
887 ## - NON-MARC INFORMATION FIELD
Content of non-MARC field
901 ## - LOCAL DATA ELEMENT A, LDA (RLIN)
a AD 111594
b 05.10.2010
9 vCB 13,no.81/04
902 ## - LOCAL DATA ELEMENT B, LDB (RLIN)
a U.S 616.925 Un 3
904 ## - LOCAL DATA ELEMENT D, LDD (RLIN)
l F 6701
949 ## - LOCAL PROCESSING INFORMATION (OCLC)
-- VIRTUAITEM
-- 10002
-- 100
6 FOD000111594ENG
9 vcb 13no.81/04.
942 ## - ADDED ENTRY ELEMENTS (KOHA)
Source of classification or shelving scheme Dewey Decimal Classification
Koha item type Books
Holdings
Withdrawn status Lost status Damaged status Not for loan Collection code Home library Current library Shelving location Date acquired Total Checkouts Full call number Barcode Date last seen Price effective from Koha item type
          National Library of India National Library of India       U.S 616.925 Un 3 FOD000111594ENG 27/06/2021 27/06/2021 Books
                                                                           
web counter

Copyright ©2020 The National Library of India, Govt. of India ↔ Hosted by NVLI, MOC ↔ Technology and Design by National Library of India, Ministry of Culture, Govt. of India